书目信息 |
| 题名: |
郑必坚论集
|
|
| 作者: | 郑必坚 著 | |
| 分册: | 上卷 | |
| 出版信息: | 上海 上海人民出版社 2005 |
|
| 页数: | 490页 | |
| 开本: | 20cm | |
| 丛书名: | ||
| 单 册: | ||
| 中图分类: | D64-53 | |
| 科图分类: | ||
| 主题词: | 政治--中国 | |
| 电子资源: | ||
| ISBN: | 7-208-04402-3 | |
| 000 | 00720nam0 2200205 450 | |
| 001 | 0736566641 | |
| 005 | 20070806091116.75 | |
| 010 | @a7-208-04402-3@b精装@dCNY42.00 | |
| 100 | @a20070625d2005 km y0chiy0120 ea | |
| 101 | 0 | @achi |
| 102 | @aCN@b310000 | |
| 200 | 1 | @a郑必坚论集@e关于历史机遇和中国特色社会主义的战略道路@h上卷@Azheng bi jian lun ji@f郑必坚著@Fzheng bi jian zhu |
| 210 | @a上海@c上海人民出版社@d2005 | |
| 215 | @a490页@d20cm | |
| 517 | 1 | @a关于历史机遇和中国特色社会主义的战略道路@Aguan yu li shi ji yu he zhong guo te se she hui zhu yi de zhan lue dao lu |
| 606 | 0 | @a政治@x中国 |
| 690 | @aD64-53@v3 | |
| 701 | 0 | @a郑必坚@Azheng bi jian@4著 |
| 801 | 0 | @aCN@bPFT@c20070806 |
| 905 | @a10447@dD64-53@e117:1 | |
| 郑必坚论集:关于历史机遇和中国特色社会主义的战略道路.上卷/郑必坚著.-上海:上海人民出版社,2005 |
| 490页;20cm |
| ISBN 7-208-04402-3(精装):CNY42.00 |
| ● |
| 相关链接 |
|
|
|
|
正题名:郑必坚论集
索取号:D64-53/117:1
 
预约/预借
| 序号 | 登录号 | 条形码 | 馆藏地/架位号 | 状态 | 备注 |
| 1 | 0791938 | 207919387 | 第一样本阅览室/ [索取号:D64-53/117:1] | 在馆 | |
| 2 | 0791939 | 207919396 | 密集书库/ [索取号:D64-53/117:1] | 在馆 | |
| 3 | 0791940 | 207919403 | 密集书库/ [索取号:D64-53/117:1] | 在馆 | |
| 4 | 0791941 | 207919412 | 密集书库/ [索取号:D64-53/117:1] | 在馆 |